| 000 | 00841cam a22002771 4500 | ||
|---|---|---|---|
| 001 | sa 68000623 | ||
| 003 | DLC | ||
| 005 | 20260227112425.0 | ||
| 008 | 710901s1967 ii b 00000 eng | ||
| 010 | _asa 68000623 | ||
| 025 | _aPL480:I-E-9142 | ||
| 041 | 0 | _aenghin | |
| 050 | 0 |
_aPK2038 _b.S33 |
|
| 082 | _a891.4/3/093 | ||
| 100 | 1 | 0 | _aSarin, Dharam Paul. |
| 245 | 1 | 0 | _aInfluence of political movements on Hindi literature, 1960-1947. |
| 250 | _a[1st ed.] | ||
| 260 | 0 |
_aChandigarh, _bPanjab University Publication Bureau _c[1967] |
|
| 300 |
_aii, 222, xvii p. _c25 cm. |
||
| 350 | _aRs25 | ||
| 502 | _aThesis--Punjab University. | ||
| 500 | _aIncludes passages in Hindi. | ||
| 504 | _aBibliography: p. [iii]-xvii. | ||
| 650 | 0 |
_aHindi literature _y20th century _xHistory and criticism. |
|
| 650 | 0 | _aPolitics and literature. | |
| 999 |
_c77336 _d77336 |
||